000 00479nam a2200181Ia 4500
008 090124s9999 xx 000 0 und d
082 _b27508
_a1657
100 _aप्रभावळकर दिलीप
245 _a झूम
250 _a1
260 _c1994
300 _a128
600 _aप्रभावळकर दिलीप
630 _a झूम
700 _aप्रभावळकर दिलीप
730 _a झूम
942 _cBOOK
999 _c140973
_d140973